Človek a ľudské práva : Z českého orig /

Na minha lista:
Detalhes bibliográficos
Autor principal: Tuláček, Jan (Author)
Formato: Livro
Idioma:eslovaco
Publicado em: Bratislava : IRIS-Knižní klub, 1993
Colecção:Edícia: Človek a svet
Tags: Adicionar Tag
Sem tags, seja o primeiro a adicionar uma tag!

MARC

LEADER 00000nam a22000003a 4500
001 stu22982
005 20150617225751.0
008 941213s1993----cs------------------slo-d
020 |a 80-900530-9-2 
040 |a STU  |b slo 
041 0 |a slo 
044 |a cs 
080 |a 172  |7 stu_us_auth*stu9855 
100 1 |a Tuláček, Jan  |4 aut 
245 1 |a Človek a ľudské práva :  |b Z českého orig /  |c [aut.]Tuláček,Jan 
260 |a Bratislava :  |b IRIS-Knižní klub,  |c 1993 
300 |a 32 s :  |b Obrázky 
830 0 |a Edícia: Človek a svet 
996 |b CB1955  |c C*B1955  |l CCXII  |s P  |a 0  |w stu22982_0001